000 00838cam a2200229 4500
001 J227
008 090401t1990 xxu||||| |||| 00| 0 eng d
035 _a(Sirsi) u73910
041 _aeng
050 _a692.9
090 _aJCT 1990/4A
110 _aJoint Contracts Tribunal
_93664
245 _aForm of tender and agreement 1984 edition, incorporating Amendments 1: 1986, 2: 1987, 3: 1988 and 4: 1990, NAM/T for a person to be named by the employer as a sub-contractor under the Intermediate Form of Building Contract.
260 _aLondon
_bRIBA Publications Ltd.
_c1990
300 _a15p. in pad of 15 forms ; 30cm.
350 _a0
650 _aJCT INTERMEDIATE FORM OF BUILDING CONTRACT (1984 EDITION)
650 _aSUBCONTRACTS
690 _aBUILT ENVIRONMENT-BUILDING CONTRACT FORMS
942 _n0
948 _c04/03/1997
999 _c95736
_d95736